नारी उत्पीड़न (Record no. 888172)
[ view plain ]
| 000 -LEADER | |
|---|---|
| fixed length control field | 01242nam a2200265Ia 4500 |
| 003 - CONTROL NUMBER IDENTIFIER | |
| control field | OSt |
| 005 - DATE AND TIME OF LATEST TRANSACTION | |
| control field | 20220930095022.0 |
| 008 - FIXED-LENGTH DATA ELEMENTS--GENERAL INFORMATION | |
| fixed length control field | 220926b |||||||| |||| 00| 0 san d |
| 037 ## - SOURCE OF ACQUISITION | |
| Terms of availability | Theses |
| 040 ## - CATALOGING SOURCE | |
| Original cataloging agency | CRL |
| Transcribing agency | CRL |
| Language of cataloging | san |
| 041 ## - LANGUAGE CODE | |
| Source of code | san |
| Language code of text/sound track or separate title | san |
| 100 ## - MAIN ENTRY--PERSONAL NAME | |
| Personal name | अनीता रानी, ले. |
| 110 ## - MAIN ENTRY--CORPORATE NAME | |
| Corporate name or jurisdiction name as entry element | दिल्ली विश्वविद्यालय. कला संकाय. संस्कृत विभाग |
| 245 #0 - TITLE STATEMENT | |
| Title | नारी उत्पीड़न |
| Remainder of title | धर्मशास्त्र एवं आधुनिक भारतीय विधिशास्त्र के परिप्रेक्ष्य में, अनीता रानी |
| 246 ## - VARYING FORM OF TITLE | |
| Title proper/short title | Nārī utpīड़na: dharmashāstra evan ādhunik bhāratīya vidhishāstra ke pariprekṣhya mean, anītā rānī |
| 260 ## - PUBLICATION, DISTRIBUTION, ETC. | |
| Date of publication, distribution, etc. | 2018 |
| 300 ## - PHYSICAL DESCRIPTION | |
| Extent | 196पृ0 |
| -- | p. |
| Dimensions | cm. |
| 650 ## - SUBJECT ADDED ENTRY--TOPICAL TERM | |
| Topical term or geographic name entry element | संस्कृत साहित्य |
| 700 ## - ADDED ENTRY--PERSONAL NAME | |
| Personal name | दिल्ली विश्वविद्यालय. कला संकाय. संस्कृत विभाग |
| 942 ## - ADDED ENTRY ELEMENTS (KOHA) | |
| Koha item type | Dissertations |
| Source of classification or shelving scheme | Colon Classification (CC) |
| Withdrawn status | Lost status | Damaged status | Not for loan | Home library | Current library | Date acquired | Total Checkouts | Barcode | Date last seen | Price effective from | Koha item type |
|---|---|---|---|---|---|---|---|---|---|---|---|
| Central Library | Central Library | 2022-09-30 | TH0024704 | 2022-09-30 | 2022-09-30 | Thesis |
